[Event "Montcalm VI 2001-02"]
[Site "Quebec CAN"]
[Date "2002.04.18"]
[Round "4"]
[White "Drolet, Stephane"]
[Black "Angers, Gilles"]
[Result "1/2-1/2"]
[WhiteElo "2038"]
[BlackElo "1971"]
[PlyCount "62"]
[EventDate "2002.03.28"]
[EventType "tourn"]
[EventRounds "5"]
[EventCountry "CAN"]

1. Nf3 Nf6 2. c4 d6 3. d4 c5 4. Nc3 cxd4 5. Nxd4 g6 6. e4 Bg7 7. Be2 O-O 8. O-O
Nc6 9. Nc2 a6 10. Rb1 Ne5 11. b3 b6 12. h3 Bb7 13. Be3 Rc8 14. a4 Qc7 15. Rc1
Ned7 16. Nd4 Qb8 17. Nd5 Nxd5 18. cxd5 Rxc1 19. Bxc1 a5 20. Bb5 Nc5 21. Bg5 Qc7
22. Nc6 h6 23. Be3 e5 24. Bxc5 bxc5 25. Qd2 Bxc6 26. dxc6 f5 27. Rd1 Rf6 28.
Qd5+ Kh7 29. Bc4 h5 30. Qg8+ Kh6 31. Qd5 f4 1/2-1/2

[Event "Montcalm VI 2001-02"]
[Site "Quebec CAN"]
[Date "2002.04.25"]
[Round "5"]
[White "Beaudoin, Stephane"]
[Black "Drolet, Stephane"]
[Result "1/2-1/2"]
[WhiteElo "2050"]
[BlackElo "2038"]
[PlyCount "70"]
[EventDate "2002.03.28"]
[EventType "tourn"]
[EventRounds "5"]
[EventCountry "CAN"]

1. e4 e6 2. d4 d5 3. Nc3 Nc6 4. Nf3 Nf6 5. e5 Ne4 6. Bd3 Bb4 7. O-O Nxc3 8.
bxc3 Bxc3 9. Rb1 h6 10. Ba3 a5 11. Bb5 Bd7 12. Ne1 Qh4 13. Nf3 Qd8 14. Ne1 Qh4
15. Nf3 Qd8 16. Qd3 Bb4 17. Bc1 b6 18. Ba4 Nxe5 19. Nxe5 Bxa4 20. c4 Bd6 21.
Bf4 O-O 22. cxd5 exd5 23. Bg3 Qf6 24. Rfe1 Rad8 25. Re3 g6 26. Rc1 h5 27. Rf3
Qg5 28. Bf4 Qf5 29. Qxf5 gxf5 30. Rg3+ Kh7 31. Rg5 f6 32. Rxh5+ Kg8 33. Ng6
Bxf4 34. Nxf4 Rd7 35. Rc3 Re8 1/2-1/2

[Event "Montcalm VI 2001-02"]
[Site "Quebec CAN"]
[Date "2002.04.25"]
[Round "5"]
[White "Bourassa, Andre"]
[Black "Bisson, Real"]
[Result "1-0"]
[WhiteElo "1669"]
[BlackElo "1646"]
[PlyCount "55"]
[EventDate "2002.03.28"]
[EventType "tourn"]
[EventRounds "5"]
[EventCountry "CAN"]

1. d4 Nf6 2. c4 e5 3. dxe5 Ng4 4. Nf3 Nc6 5. Bf4 Bb4+ 6. Nbd2 Qe7 7. a3 Ngxe5
8. Nxe5 Nxe5 9. e3 Bxd2+ 10. Qxd2 d6 11. Be2 Bf5 12. O-O Ng6 13. Bg3 h5 14. f3
h4 15. Bf2 Ne5 16. e4 Be6 17. Rac1 c5 18. f4 Nc6 19. Rfd1 O-O-O 20. f5 Bd7 21.
Bf3 Ne5 22. Qxd6 Nxf3+ 23. gxf3 Qg5+ 24. Kh1 Bc6 25. Qxc5 h3 26. Bg3 Rd2 27.
Qe5 Rd7 28. Qb8# 1-0

[Event "Montcalm VII 2001-02"]
[Site "Quebec CAN"]
[Date "2002.05.02"]
[Round "1"]
[White "Bourassa, Andre"]
[Black "Martineau, Michel"]
[Result "0-1"]
[WhiteElo "1727"]
[BlackElo "1834"]
[PlyCount "84"]
[EventDate "2002.05.02"]
[EventType "tourn"]
[EventRounds "5"]
[EventCountry "CAN"]

1. d4 g6 2. c4 Bg7 3. Nc3 c5 4. e3 Nf6 5. g3 O-O 6. Bg2 Nc6 7. Nge2 d6 8. Bxc6
bxc6 9. dxc5 Qa5 10. cxd6 Rd8 11. Qc2 Bf5 12. Qa4 Qxa4 13. Nxa4 Rxd6 14. O-O
Bd3 15. c5 Bxe2 16. cxd6 Bxf1 17. Kxf1 exd6 18. h3 Ne4 19. Ke1 Rb8 20. Rb1 c5
21. Bd2 c4 22. b3 c3 23. Bxc3 Bxc3+ 24. Nxc3 Nxc3 25. Rb2 Kf8 26. Rc2 Rc8 27.
f3 Ke7 28. Kd2 Nb1+ 29. Kc1 Rxc2+ 30. Kxc2 Na3+ 31. Kb2 Nb5 32. a4 Nc7 33. Kc3
Ke6 34. Kb4 Kd5 35. Kc3 f5 36. b4 g5 37. b5 Kc5 38. g4 fxg4 39. hxg4 Nd5+ 40.
Kd3 Kb4 41. Ke4 Nxe3 42. Kxe3 Kxa4 0-1

[Event "Montcalm VII 2001-02"]
[Site "Quebec CAN"]
[Date "2002.05.02"]
[Round "1"]
[White "Fecteau, Martin"]
[Black "Sauve, Richard"]
[Result "1-0"]
[WhiteElo "2036"]
[BlackElo "1961"]
[PlyCount "77"]
[EventDate "2002.05.02"]
[EventType "tourn"]
[EventRounds "5"]
[EventCountry "CAN"]

1. d4 d5 2. c4 e6 3. Nc3 c6 4. Nf3 dxc4 5. a4 Bb4 6. e3 b5 7. Bd2 a5 8. axb5
Bxc3 9. Bxc3 cxb5 10. b3 Bb7 11. bxc4 b4 12. Bb2 Nf6 13. Bd3 Nbd7 14. O-O O-O
15. Re1 Re8 16. e4 e5 17. d5 Qc7 18. Nd2 Nb6 19. Bc2 Nfd7 20. Ba4 f6 21. Bb5
Rec8 22. Re3 Nc5 23. Rh3 a4 24. Qh5 h6 25. Bc1 Qf7 26. Qe2 Ba6 27. Bxa6 Rxa6
28. Rb1 a3 29. Nb3 Nxb3 30. Rhxb3 a2 31. Ra1 Rxc4 32. Be3 Qc7 33. h3 Nd7 34.
Rxa2 Rxa2 35. Qxa2 Kh7 36. Qb1 Nc5 37. Rxb4 Nd3 38. Rb7 Qc8 39. Qxd3 1-0

[Event "Montcalm VII 2001-02"]
[Site "Quebec CAN"]
[Date "2002.05.03"]
[Round "1"]
[White "Papineau (Granby), Daniel"]
[Black "Auger, Bertrand"]
[Result "1-0"]
[WhiteElo "1910"]
[BlackElo "2028"]
[PlyCount "72"]
[EventDate "2002.05.02"]
[EventType "tourn"]
[EventRounds "5"]
[EventCountry "CAN"]

1. e4 e6 2. d4 d5 3. Nd2 dxe4 4. Nxe4 Bd7 5. Bd3 Bc6 6. Nf3 Nd7 7. Qe2 Ngf6 8.
Bg5 Be7 9. O-O Bxe4 10. Bxe4 Nxe4 11. Bxe7 Qxe7 12. Qxe4 c6 13. Rfe1 O-O 14.
Rad1 Qb4 15. b3 Rad8 16. c4 Nf6 17. Qh4 Qe7 18. Re5 Rd7 19. Rde1 Qd8 20. Rg5 g6
21. Qh6 Ne8 22. h4 Qf6 23. Rg3 Qg7 24. Qe3 Nf6 25. Ne5 Rd6 26. c5 Rd5 27. Rd1
Rfd8 28. Rf3 Rxc5 29. dxc5 Rxd1+ 30. Kh2 Rd5 31. b4 Rxe5 32. Qd4 Nd5 33. Qc4
Rf5 34. Rd3 Qe5+ 35. g3 Rxf2+ 36. Kh3 Qf5+ 1-0

[Event "Montcalm VII 2001-02"]
[Site "Quebec CAN"]
[Date "2002.05.09"]
[Round "2"]
[White "Fecteau, Martin"]
[Black "Bourassa, Andre"]
[Result "1-0"]
[WhiteElo "2036"]
[BlackElo "1727"]
[PlyCount "113"]
[EventDate "2002.05.02"]
[EventType "tourn"]
[EventRounds "5"]
[EventCountry "CAN"]

1. d4 d5 2. c4 e6 3. Nc3 Nf6 4. Bg5 Be7 5. e3 c6 6. Nf3 Nbd7 7. Bd3 dxc4 8.
Bxc4 Nd5 9. Bxe7 Qxe7 10. a3 b6 11. Qc2 Bb7 12. O-O c5 13. Nxd5 exd5 14. Bb5
O-O 15. Bd3 h6 16. Bh7+ Kh8 17. Bf5 c4 18. Qa4 Rfd8 19. Rac1 g6 20. Bb1 a6 21.
h3 b5 22. Qd1 a5 23. Qd2 b4 24. e4 Kg7 25. e5 bxa3 26. bxa3 Qxa3 27. Qf4 Qe7
28. Bc2 Nf8 29. Rb1 Ne6 30. Qf6+ Qxf6 31. exf6+ Kxf6 32. Rxb7 a4 33. Ra1 a3 34.
Ra2 Rd6 35. Kf1 Raa6 36. g3 Nd8 37. Rb1 Nc6 38. Ke1 Rd8 39. Kd2 Rb8 40. Rxb8
Nxb8 41. Ne5 Kg7 42. Kc3 g5 43. Bf5 Kf6 44. Bc8 Ra7 45. g4 Ke7 46. Bf5 f6 47.
Nf3 Kd6 48. Nd2 Nc6 49. Nb1 Rb7 50. Rxa3 Nb4 51. Nd2 Kc6 52. Ra4 Nd3 53. Bxd3
cxd3 54. Ra6+ Kb5 55. Rxf6 h5 56. Kxd3 hxg4 57. hxg4 1-0

[Event "Montcalm VII 2001-02"]
[Site "Quebec CAN"]
[Date "2002.05.09"]
[Round "2"]
[White "Sauve, Richard"]
[Black "Auger, Bertrand"]
[Result "1-0"]
[WhiteElo "1961"]
[BlackElo "2028"]
[PlyCount "107"]
[EventDate "2002.05.02"]
[EventType "tourn"]
[EventRounds "5"]
[EventCountry "CAN"]

1. d4 d5 2. c4 e6 3. Nc3 Be7 4. cxd5 exd5 5. Bf4 c6 6. e3 Bf5 7. Nge2 Nf6 8.
Ng3 Bg6 9. Be2 Nbd7 10. h4 h5 11. Bf3 Qb6 12. Qb3 Qxb3 13. axb3 a6 14. Nge2 Bc2
15. Nc1 Ne4 16. Bxe4 Bxe4 17. Nxe4 dxe4 18. Ne2 Bb4+ 19. Nc3 Nb6 20. Ke2 Bxc3
21. bxc3 Nd5 22. Kd2 Nxf4 23. exf4 O-O-O 24. Ra5 Rd5 25. Rxd5 cxd5 26. Rh3 Kd7
27. Rg3 g6 28. Rg5 Kd6 29. f5 gxf5 30. Rxf5 Ke6 31. Re5+ Kd6 32. c4 dxc4 33.
bxc4 b5 34. cxb5 f6 35. Rc5 a5 36. Ke3 a4 37. Rc6+ Kd5 38. Ra6 Kc4 39. Rxa4+
Kxb5 40. Ra7 Kc4 41. Rc7+ Kd5 42. Rc5+ Kd6 43. Kxe4 Re8+ 44. Kd3 Rh8 45. g3 Rh7
46. Ra5 Rh8 47. Ra6+ Ke7 48. Ke4 Rd8 49. Ra7+ Ke6 50. Rh7 f5+ 51. Kd3 f4 52.
Rxh5 fxg3 53. fxg3 Rg8 54. Rg5 1-0

[Event "Montcalm VII 2001-02"]
[Site "Quebec CAN"]
[Date "2002.05.16"]
[Round "3"]
[White "Bourassa, Andre"]
[Black "Sauve, Richard"]
[Result "0-1"]
[WhiteElo "1727"]
[BlackElo "1961"]
[PlyCount "94"]
[EventDate "2002.05.02"]
[EventType "tourn"]
[EventRounds "5"]
[EventCountry "CAN"]

1. d4 Nf6 2. c4 e6 3. Nc3 Bb4 4. Bd2 O-O 5. Qc2 d5 6. e3 c5 7. dxc5 Bxc5 8. Nf3
Nc6 9. a3 d4 10. exd4 Nxd4 11. Nxd4 Qxd4 12. Be3 Qe5 13. Qe2 b6 14. Bxc5 Qxc5
15. Qf3 Ba6 16. b4 Qc7 17. b5 Bb7 18. Qg3 Qc5 19. Be2 Rad8 20. O-O Rd2 21. Rfd1
Rxd1+ 22. Nxd1 Qd4 23. Qc3 Rd8 24. Qxd4 Rxd4 25. Nc3 Ne4 26. Nxe4 Bxe4 27. Rd1
Rxd1+ 28. Bxd1 Kf8 29. Be2 Ke7 30. f3 Bb1 31. Kf2 Kd6 32. Ke3 Kc5 33. Bd3 Ba2
34. Bxh7 Bxc4 35. Bg8 f6 36. h4 Kxb5 37. g4 Kc5 38. f4 Kd6 39. g5 Ke7 40. g6
Bb5 41. h5 f5 42. Kf3 Kf6 43. Kg3 Be2 44. Kh4 b5 45. Bxe6 Kxe6 46. Kg5 Bxh5 47.
Kxh5 Kf6 0-1

[Event "Montcalm VII 2001-02"]
[Site "Quebec CAN"]
[Date "2002.05.23"]
[Round "4"]
[White "Bourassa, Andre"]
[Black "Papineau (Granby), Daniel"]
[Result "0-1"]
[WhiteElo "1727"]
[BlackElo "1910"]
[PlyCount "74"]
[EventDate "2002.05.02"]
[EventType "tourn"]
[EventRounds "5"]
[EventCountry "CAN"]

1. d4 Nf6 2. c4 g6 3. Nc3 Bg7 4. e4 d6 5. f3 a6 6. Be3 Nc6 7. a3 Rb8 8. b4 e5
9. d5 Ne7 10. c5 O-O 11. Bc4 Nh5 12. Qd2 f5 13. Bh6 f4 14. Bxg7 Kxg7 15. Nge2
Ng8 16. O-O-O b5 17. cxb6 cxb6 18. Kb2 Rf7 19. Nc1 Ngf6 20. Nd3 Nd7 21. Rc1 b5
22. Bb3 Nb6 23. Ne2 a5 24. Rc2 Ba6 25. Rhc1 Nc4+ 26. Bxc4 bxc4 27. Rxc4 Bxc4
28. Rxc4 Nf6 29. Qc3 g5 30. Nxe5 dxe5 31. Qxe5 axb4 32. Qxg5+ Kh8 33. Qxf4
bxa3+ 34. Kxa3 Ra7+ 35. Ra4 Rxa4+ 36. Kxa4 Qd7+ 37. Ka3 Qa7# 0-1

[Event "Montcalm VII 2001-02"]
[Site "Quebec CAN"]
[Date "2002.05.23"]
[Round "4"]
[White "Fecteau, Martin"]
[Black "Auger, Bertrand"]
[Result "1/2-1/2"]
[WhiteElo "2036"]
[BlackElo "2028"]
[PlyCount "92"]
[EventDate "2002.05.02"]
[EventType "tourn"]
[EventRounds "5"]
[EventCountry "CAN"]

1. d4 d5 2. c4 e6 3. Nc3 Be7 4. Nf3 Nf6 5. Bg5 O-O 6. e3 h6 7. Bh4 b6 8. Rc1
Bb7 9. cxd5 Nxd5 10. Bg3 Nxc3 11. bxc3 c5 12. Qa4 a6 13. Be2 b5 14. Qc2 Nd7 15.
O-O Qb6 16. a4 Qc6 17. Rfd1 Rfc8 18. Qb2 c4 19. Rb1 b4 20. cxb4 Qxa4 21. Rdc1
Be4 22. Ra1 Qb3 23. Ra2 Bxb4 24. Rxc4 Qxb2 25. Rxb2 Rxc4 26. Bxc4 a5 27. Nd2
Bd5 28. Bb5 Nf6 29. f3 Rc8 30. e4 Bc3 31. exd5 Bxd4+ 32. Kf1 Bxb2 33. d6 Rc1+
34. Ke2 Nd5 35. Ne4 Nc3+ 36. Kd2 Nxe4+ 37. fxe4 Rc5 38. Ba4 Bf6 39. d7 Rc4 40.
Bb5 Rb4 41. Be5 Bd8 42. Bc6 Rb6 43. Ba4 f6 44. Bc3 Rd6+ 45. Kc2 Kf7 46. Bb2 e5
1/2-1/2

[Event "Montcalm VII 2001-02"]
[Site "Quebec CAN"]
[Date "2002.05.30"]
[Round "5"]
[White "Auger, Bertrand"]
[Black "Bourassa, Andre"]
[Result "1-0"]
[WhiteElo "2028"]
[BlackElo "1727"]
[PlyCount "81"]
[EventDate "2002.05.02"]
[EventType "tourn"]
[EventRounds "5"]
[EventCountry "CAN"]

1. Nf3 d5 2. g3 Nf6 3. Bg2 Nbd7 4. d4 c5 5. O-O e6 6. b3 Bd6 7. Bb2 b6 8. Nbd2
Qc7 9. c4 Bb7 10. Rc1 Rc8 11. cxd5 Bxd5 12. dxc5 bxc5 13. Nc4 Be7 14. Qd2 Ne4
15. Qc2 O-O 16. Rfd1 Rfd8 17. Ne3 Bb7 18. Qb1 Ndf6 19. Be5 Bd6 20. Bb2 Be7 21.
Nc4 Ng4 22. Rf1 Ngxf2 23. Rxf2 Nxf2 24. Kxf2 f6 25. Bh3 f5 26. Be5 Qd7 27. Qb2
Bf8 28. Rc2 Qf7 29. Bg2 Qh5 30. h4 h6 31. Qc1 Rd7 32. Qe3 Qf7 33. Bc3 Rd1 34.
Nfe5 Qc7 35. Ng6 Bxg2 36. Qxe6+ Kh7 37. Kxg2 Qb7+ 38. e4 fxe4 39. Ne3 Rcd8 40.
Rf2 Bd6 41. Rf7 1-0

[Event "Montcalm op"]
[Site "Quebec CAN"]
[Date "2002.03.01"]
[Round "1"]
[White "Gaspariants, Irina"]
[Black "Bourassa, Andre"]
[Result "1-0"]
[WhiteElo "1319"]
[BlackElo "1632"]
[PlyCount "127"]
[EventDate "2002.03.01"]
[EventType "swiss"]
[EventRounds "5"]
[EventCountry "CAN"]

1. e4 c5 2. c3 e6 3. d4 cxd4 4. cxd4 d5 5. e5 Bb4+ 6. Bd2 Qb6 7. Nf3 Nc6 8.
Bxb4 Qxb4+ 9. Qd2 Nge7 10. Nc3 O-O 11. a3 Qa5 12. Rc1 f6 13. Bd3 fxe5 14. dxe5
Bd7 15. O-O Nf5 16. Rfe1 Qd8 17. Nb5 a6 18. Nd6 Nxd6 19. exd6 Qb8 20. Ng5 Qxd6
21. Nxh7 Rf4 22. g3 Rd4 23. Qe2 e5 24. Ng5 e4 25. Bb1 Qf6 26. h4 Rf8 27. Ba2
Ne5 28. Red1 Nf3+ 29. Nxf3 exf3 30. Qe3 Rxd1+ 31. Rxd1 Qf5 32. Bxd5+ Kh8 33.
Qxf3 Qxf3 34. Bxf3 Rxf3 35. Rxd7 Rb3 36. Rd2 Kh7 37. Kg2 b5 38. g4 a5 39. f3 a4
40. Kg3 b4 41. axb4 Rxb4 42. Re2 Rb3 43. Kf4 Rb6 44. Re4 Rxb2 45. Rxa4 Rb6 46.
Ra5 Rb4+ 47. Kg5 Rb6 48. h5 Rc6 49. f4 Rb6 50. Ra7 Rb5+ 51. f5 Rb6 52. Re7 Rb4
53. Re6 Kg8 54. h6 gxh6+ 55. Rxh6 Rc4 56. Ra6 Kf7 57. Ra7+ Kf8 58. f6 Rb4 59.
Kh5 Rf4 60. g5 Rf1 61. Kg6 Re1 62. Ra8+ Re8 63. Rxe8+ Kxe8 64. Kg7 1-0

[Event "Montcalm op"]
[Site "Quebec CAN"]
[Date "2002.03.01"]
[Round "1"]
[White "Gaspariants, Vladimir"]
[Black "Martineau, Michel"]
[Result "1-0"]
[WhiteElo "2311"]
[BlackElo "1815"]
[PlyCount "39"]
[EventDate "2002.03.01"]
[EventType "swiss"]
[EventRounds "5"]
[EventCountry "CAN"]

1. e4 d5 2. exd5 Nf6 3. Nc3 Nxd5 4. Bc4 Nb6 5. Bb3 Nc6 6. Nf3 Na5 7. Ne5 Nxb3
8. axb3 Nd7 9. Nc4 g6 10. d4 Bg7 11. O-O O-O 12. Bf4 c6 13. Re1 Re8 14. d5 cxd5
15. Nxd5 e5 16. Be3 Nf6 17. Ndb6 Rb8 18. Nxc8 Qxd1 19. Rexd1 Rexc8 20. Bxa7 1-0

[Event "Montcalm op"]
[Site "Quebec CAN"]
[Date "2002.03.01"]
[Round "1"]
[White "Myre, Eric"]
[Black "Gaspariants, Garry"]
[Result "0-1"]
[WhiteElo "1918"]
[BlackElo "2281"]
[PlyCount "33"]
[EventDate "2002.03.01"]
[EventType "swiss"]
[EventRounds "5"]
[EventCountry "CAN"]

1. d4 Nf6 2. c4 e6 3. Nc3 Bb4 4. e3 c5 5. Bd3 Nc6 6. Nf3 Bxc3+ 7. bxc3 d6 8. e4
e5 9. d5 Na5 10. Nh4 Nxe4 11. Qh5 Nf6 12. Qg5 g6 13. Qh6 Ng4 14. Qg7 Qf6 15.
Qxf6 Nxf6 16. O-O Nh5 17. Re1 0-1

[Event "Montcalm op"]
[Site "Quebec CAN"]
[Date "2002.03.02"]
[Round "2"]
[White "Beaudoin, Stephane"]
[Black "Gaspariants, Vladimir"]
[Result "0-1"]
[WhiteElo "2074"]
[BlackElo "2311"]
[PlyCount "72"]
[EventDate "2002.03.01"]
[EventType "swiss"]
[EventRounds "5"]
[EventCountry "CAN"]

1. e4 g6 2. d4 Bg7 3. Nc3 c6 4. f4 d5 5. e5 h5 6. Nf3 Bg4 7. Be2 e6 8. Be3 Nh6
9. Qd2 Nd7 10. O-O-O Nf5 11. Bf2 Bf8 12. g3 Nb6 13. h3 Bxf3 14. Bxf3 Nc4 15.
Qd3 Qa5 16. Rdg1 b5 17. g4 b4 18. gxf5 bxc3 19. Qxc4 dxc4 20. Bxc6+ Kd8 21.
Bxa8 Bh6 22. Be3 gxf5 23. d5 Kc7 24. dxe6 Rxa8 25. exf7 Qxa2 26. Kd1 Qb1+ 27.
Ke2 Qxc2+ 28. Kf3 Qe4+ 29. Kf2 Rb8 30. Re1 Rxb2+ 31. Kg3 Bxf4+ 32. Kh4 Bxe3+
33. Kxh5 Qf3+ 34. Kg6 Rb6+ 35. e6 Rxe6+ 36. Kg7 Qg3+ 0-1

[Event "Montcalm op"]
[Site "Quebec CAN"]
[Date "2002.03.02"]
[Round "2"]
[White "Bourassa, Andre"]
[Black "Godbout, Mathieu"]
[Result "1-0"]
[WhiteElo "1632"]
[BlackElo "1455"]
[PlyCount "47"]
[EventDate "2002.03.01"]
[EventType "swiss"]
[EventRounds "5"]
[EventCountry "CAN"]

1. d4 Nf6 2. c4 e6 3. Nf3 d5 4. Bg5 Be7 5. e3 O-O 6. Bd3 Nbd7 7. Nc3 b6 8. Qc2
dxc4 9. Bxc4 Bb7 10. Bd3 h6 11. h4 c5 12. Rh3 cxd4 13. Nxd4 e5 14. Nf5 Nc5 15.
Nxh6+ gxh6 16. Bf5 hxg5 17. hxg5 Nfd7 18. Qe2 Nf6 19. gxf6 Bxf6 20. Rg3+ Bg7
21. Qh5 f6 22. Bh7+ Kh8 23. Bg6+ Kg8 24. Qh7# 1-0

[Event "Montcalm op"]
[Site "Quebec CAN"]
[Date "2002.03.02"]
[Round "2"]
[White "Gaspariants, Garry"]
[Black "Auger, Bertrand"]
[Result "1-0"]
[WhiteElo "2281"]
[BlackElo "2035"]
[PlyCount "76"]
[EventDate "2002.03.01"]
[EventType "swiss"]
[EventRounds "5"]
[EventCountry "CAN"]

1. Nf3 d5 2. e3 Nf6 3. b3 e6 4. Bb2 Nbd7 5. c4 c6 6. Nc3 Bd6 7. d4 O-O 8. Bd3
Re8 9. Qd2 e5 10. cxd5 exd4 11. Nxd4 Ne5 12. dxc6 bxc6 13. Be2 Qa5 14. a3 Ng6
15. h4 Bd7 16. b4 Qc7 17. h5 Ne7 18. h6 g6 19. Rc1 Nfd5 20. Bc4 Be5 21. Nf3
Bxc3 22. Bxc3 Nf5 23. Bxd5 cxd5 24. Qxd5 Ba4 25. Bb2 Qb6 26. Qc5 Rac8 27. Qxb6
Rxc1+ 28. Bxc1 axb6 29. Bb2 Bb5 30. Kd2 Rc8 31. g4 Nd6 32. Rc1 Nc4+ 33. Ke1 Re8
34. Bd4 Bd7 35. g5 b5 36. Ra1 Ra8 37. Ne5 Be8 38. Nxc4 bxc4 1-0

[Event "Montcalm op"]
[Site "Quebec CAN"]
[Date "2002.03.02"]
[Round "2"]
[White "Saint-Onge, Roland"]
[Black "Fillion, Nicolas"]
[Result "1/2-1/2"]
[WhiteElo "1732"]
[BlackElo "1481"]
[PlyCount "74"]
[EventDate "2002.03.01"]
[EventType "swiss"]
[EventRounds "5"]
[EventCountry "CAN"]

1. e4 d5 2. exd5 Nf6 3. c4 e6 4. Qa4+ c6 5. d4 exd5 6. Nf3 Bf5 7. Nc3 Be7 8. c5
Nbd7 9. Be2 Qc7 10. O-O O-O 11. Re1 Ne4 12. g3 h5 13. Bf4 Qd8 14. Nxe4 Bxe4 15.
Nd2 g5 16. Be3 Bg6 17. b4 f5 18. f4 h4 19. gxh4 g4 20. Nf1 Bxh4 21. Ng3 Nf6 22.
Qb3 Ne4 23. Bf2 Bxg3 24. Bxg3 Qf6 25. Rad1 Kg7 26. b5 Bf7 27. a4 Rfe8 28. Bf1
Qd8 29. h3 Bh5 30. Rd3 Kh8 31. Qd1 Rg8 32. Kh2 Qe8 33. Rde3 gxh3 34. Be2 Bg4
35. Bh4 Qh5 36. Bg3 Nxg3 37. Bxg4 Rxg4 1/2-1/2

[Event "Montcalm op"]
[Site "Quebec CAN"]
[Date "2002.03.02"]
[Round "3"]
[White "Auger, Bertrand"]
[Black "Papineau (Granby), Daniel"]
[Result "1-0"]
[WhiteElo "2035"]
[BlackElo "1909"]
[PlyCount "75"]
[EventDate "2002.03.01"]
[EventType "swiss"]
[EventRounds "5"]
[EventCountry "CAN"]

1. Nf3 f5 2. b3 Nf6 3. g3 g6 4. Bg2 Bg7 5. Bb2 d6 6. d4 O-O 7. O-O c6 8. c4 Qe8
9. Nbd2 h6 10. Qc2 g5 11. d5 Bd7 12. e4 fxe4 13. Nxe4 Na6 14. Rae1 Bg4 15. Nd4
c5 16. Ne6 Bxe6 17. dxe6 Nb4 18. Qb1 Nxe4 19. Bxe4 Nc6 20. Bg6 Qc8 21. Bf7+
Rxf7 22. exf7+ Kxf7 23. Bxg7 Kxg7 24. Qb2+ e5 25. f4 Qg4 26. fxe5 dxe5 27. Qf2
Qd4 28. Re3 e4 29. Qf7+ Kh8 30. Qf6+ Kg8 31. Qe6+ Kh8 32. Qxh6+ Kg8 33. Qxg5+
Kh8 34. Rf6 Qa1+ 35. Kg2 Qb2+ 36. Kh3 Qxf6 37. Qxf6+ Kg8 38. Rxe4 1-0

[Event "Montcalm op"]
[Site "Quebec CAN"]
[Date "2002.03.02"]
[Round "3"]
[White "Girard, Robin"]
[Black "Gaspariants, Garry"]
[Result "1/2-1/2"]
[WhiteElo "2202"]
[BlackElo "2281"]
[PlyCount "89"]
[EventDate "2002.03.01"]
[EventType "swiss"]
[EventRounds "5"]
[EventCountry "CAN"]

1. e4 e5 2. Nf3 Nc6 3. Bb5 a6 4. Ba4 Nf6 5. O-O Be7 6. Re1 b5 7. Bb3 O-O 8. a4
Bb7 9. d3 d6 10. c3 Na5 11. Bc2 c5 12. Nbd2 Qc7 13. Nf1 Rfe8 14. Ng3 g6 15. d4
Bf8 16. d5 c4 17. h3 Bc8 18. Be3 Bd7 19. Nd2 Bg7 20. Ra2 Nb7 21. Qa1 Nc5 22.
axb5 Bxb5 23. f3 Nfd7 24. Ra3 Nb6 25. Qa2 Ra7 26. Rc1 Rea8 27. Kh2 a5 28. Ra1
a4 29. Qb1 Rb7 30. Qg1 Rc8 31. R3a2 Nb3 32. Rd1 Nd7 33. Nb1 Ndc5 34. Na3 Ba6
35. Nb1 Bb5 36. Na3 Ra8 37. Qf1 Nd7 38. Qf2 Ba6 39. Nb1 Ndc5 40. Na3 h6 41. Nf1
Rab8 42. Qe2 Kh7 43. Nb1 Bb5 44. Na3 Ba6 45. Nb1 1/2-1/2

[Event "Montcalm op"]
[Site "Quebec CAN"]
[Date "2002.03.02"]
[Round "3"]
[White "Grant, James"]
[Black "Bourassa, Andre"]
[Result "0-1"]
[WhiteElo "1400"]
[BlackElo "1632"]
[PlyCount "64"]
[EventDate "2002.03.01"]
[EventType "swiss"]
[EventRounds "5"]
[EventCountry "CAN"]

1. d4 d5 2. c4 c6 3. Nc3 e6 4. e3 Nf6 5. Nf3 Qc7 6. Be2 Nbd7 7. O-O dxc4 8.
Bxc4 Bd6 9. e4 e5 10. d5 Nb6 11. Bb3 Bg4 12. h3 Bxf3 13. Qxf3 O-O 14. Bg5 Be7
15. Rfd1 Nfxd5 16. Bxe7 Nxe7 17. Rac1 a6 18. Qg4 Rad8 19. Ne2 Kh8 20. Ng3 g6
21. Qe2 Rd4 22. Rxd4 exd4 23. Qd2 c5 24. Ne2 Qd6 25. f4 f6 26. Bc2 Nc4 27. Qd3
Nxb2 28. Qb3 d3 29. Bxd3 Nxd3 30. Rd1 Rd8 31. Nc1 Qd4+ 32. Kf1 Qf2# 0-1

[Event "Montcalm op"]
[Site "Quebec CAN"]
[Date "2002.03.02"]
[Round "3"]
[White "Sauve, Richard"]
[Black "Gaspariants, Vladimir"]
[Result "0-1"]
[WhiteElo "2311"]
[BlackElo "1864"]
[PlyCount "70"]
[EventDate "2002.03.01"]
[EventType "swiss"]
[EventRounds "5"]
[EventCountry "CAN"]

1. d4 Nf6 2. c4 d6 3. Nc3 e5 4. dxe5 dxe5 5. Qxd8+ Kxd8 6. Bg5 c6 7. O-O-O+ Kc7
8. g3 Bb4 9. Bxf6 gxf6 10. Bh3 Bxc3 11. bxc3 Na6 12. Bxc8 Raxc8 13. Nf3 Nc5 14.
Nd2 h5 15. f3 Rcd8 16. Nb3 Ne6 17. Rxd8 Rxd8 18. Rd1 Rg8 19. Kd2 f5 20. Ke3 a5
21. Nc1 a4 22. Nd3 f6 23. Rb1 Ra8 24. Rb4 a3 25. Rb3 c5 26. Ne1 f4+ 27. Kf2 Ra4
28. g4 e4 29. gxh5 e3+ 30. Kg2 Ra8 31. Kh3 Rg8 32. Kh4 Rg1 33. Nd3 Rg2 34. h3
Ng7 35. h6 Nf5+ 0-1

[Event "Montcalm op"]
[Site "Quebec CAN"]
[Date "2002.03.03"]
[Round "4"]
[White "Bourassa, Andre"]
[Black "Rivest, Jean-Michel"]
[Result "1-0"]
[WhiteElo "1632"]
[BlackElo "1622"]
[PlyCount "67"]
[EventDate "2002.03.01"]
[EventType "swiss"]
[EventRounds "5"]
[EventCountry "CAN"]

1. d4 Nf6 2. c4 g6 3. Nc3 d5 4. cxd5 Nxd5 5. e4 Nxc3 6. bxc3 Bg7 7. Bc4 c5 8.
Ne2 O-O 9. O-O Nc6 10. Be3 Bg4 11. f3 cxd4 12. cxd4 Na5 13. Bxf7+ Rxf7 14. fxg4
Rxf1+ 15. Kxf1 e5 16. d5 Nc4 17. Qd3 b5 18. Bf2 Qg5 19. h3 Rf8 20. Kg1 Rxf2 21.
Kxf2 Bf8 22. Rc1 Bc5+ 23. Kg3 Be3 24. Rxc4 bxc4 25. Qxc4 Qf6 26. d6+ Kg7 27.
Qd3 Qf2+ 28. Kh2 h5 29. gxh5 g5 30. d7 g4 31. Qd1 gxh3 32. Kxh3 Bg5 33. Ng3 Qf4
34. Qg4 1-0

[Event "Montcalm op"]
[Site "Quebec CAN"]
[Date "2002.03.03"]
[Round "4"]
[White "Gaspariants, Vladimir"]
[Black "Gaspariants, Garry"]
[Result "1/2-1/2"]
[WhiteElo "2311"]
[BlackElo "2281"]
[PlyCount "29"]
[EventDate "2002.03.01"]
[EventType "swiss"]
[EventRounds "5"]
[EventCountry "CAN"]

1. e4 e5 2. Nf3 Nc6 3. Bb5 a6 4. Ba4 Nf6 5. O-O Be7 6. Re1 b5 7. Bb3 d6 8. c3
O-O 9. h3 Na5 10. Bc2 c5 11. d4 Qc7 12. Nbd2 Bb7 13. Nf1 Rfe8 14. Ng3 g6 15.
dxe5 1/2-1/2

[Event "Montcalm op"]
[Site "Quebec CAN"]
[Date "2002.03.03"]
[Round "4"]
[White "Navarro, Philippe"]
[Black "Leclerc, Jean-Francois"]
[Result "1-0"]
[WhiteElo "1405"]
[BlackElo "1316"]
[PlyCount "39"]
[EventDate "2002.03.01"]
[EventType "swiss"]
[EventRounds "5"]
[EventCountry "CAN"]

1. e4 c5 2. d4 cxd4 3. c3 Nf6 4. e5 Nd5 5. cxd4 d6 6. Nf3 Qc7 7. Na3 a6 8. Bc4
Bf5 9. Bxd5 Qa5+ 10. Bd2 Qxd5 11. Rc1 Nc6 12. O-O dxe5 13. dxe5 Nxe5 14. Nxe5
Qxe5 15. Nc4 Qf6 16. Ba5 e6 17. Nb6 Rd8 18. Qa4+ Ke7 19. Bb4+ Rd6 20. Qd7# 1-0

[Event "Montcalm op"]
[Site "Quebec CAN"]
[Date "2002.03.03"]
[Round "4"]
[White "Pageau, Roger"]
[Black "Girard, Robin"]
[Result "0-1"]
[WhiteElo "1853"]
[BlackElo "2202"]
[PlyCount "70"]
[EventDate "2002.03.01"]
[EventType "swiss"]
[EventRounds "5"]
[EventCountry "CAN"]

1. d4 Nf6 2. Nf3 g6 3. c4 Bg7 4. Nc3 O-O 5. Bg5 d6 6. e4 Nbd7 7. Bd3 e5 8. d5
h6 9. Bh4 g5 10. Bg3 Nh5 11. Bc2 Nf4 12. O-O a5 13. a3 h5 14. h3 Nb6 15. Nd2 g4
16. hxg4 Bxg4 17. f3 Bc8 18. Ne2 Qg5 19. Nxf4 exf4 20. Bh2 Bxb2 21. Ra2 Be5 22.
Qe2 Kh7 23. Kh1 Nd7 24. Re1 Nf6 25. Nf1 h4 26. Bd3 Nh5 27. Qd2 Ng3+ 28. Bxg3
hxg3 29. Bb1 Kg7 30. Kg1 Rh8 31. Rc2 Qh4 32. Nxg3 fxg3 33. Kf1 Qh1+ 34. Ke2
Qxg2+ 35. Kd3 Qxf3+ 0-1